[Event "Volga_2013"]
[Site "Ulyanovsk"]
[Date "2014.01.06"]
[Round "7"]
[White "Dobrocmyslov, Artem"]
[Black "Agapchev, Andrey"]
[Result "1-0"]
[WhiteElo "1929"]
[BlackElo "1678"]
[PlyCount "99"]
[EventDate "2014.01.03"]
[EventRounds "9"]
[EventCountry "RUS"]

1. d4 d5 2. Nc3 e6 3. e4 Nf6 4. Bg5 Be7 5. e5 Nfd7 6. h4 a6 7. Qg4 h5 8. Qg3
Bxg5 9. hxg5 g6 10. f4 c5 11. Nf3 Qb6 12. O-O-O cxd4 13. Nxd4 Nc6 14. Nb3 Nc5
15. f5 Bd7 16. fxg6 fxg6 17. Nxc5 Qxc5 18. Bd3 Ne7 19. Rhf1 Nf5 20. Bxf5 gxf5
21. Rh1 O-O-O 22. Ne2 Qe7 23. Nf4 Rdg8 24. g6 h4 25. Qf2 Kb8 26. Rh3 Rc8 27.
Rdh1 Qg7 28. Qe1 Rc4 29. Rxh4 Rxh4 30. Rxh4 Re4 31. Qc3 Rc4 32. Qh3 Qxe5 33.
Nd3 Qe2 34. Rxc4 dxc4 35. Qg3+ Ka7 36. Qf2+ Qxf2 37. Nxf2 Be8 38. g7 Bf7 39.
Kd2 Kb6 40. Ke3 e5 41. g4 f4+ 42. Ke4 a5 43. g5 c3 44. b3 Kc5 45. Ng4 Bd5+ 46.
Kxe5 f3 47. Kf4 Kd6 48. Ke3 b5 49. Nf6 Be6 50. g8=Q 1-0

[Event "Volga_2013"]
[Site "Ulyanovsk"]
[Date "2014.01.06"]
[Round "7"]
[White "Terentiev, Alexander"]
[Black "Nikonova, Irina"]
[Result "1/2-1/2"]
[WhiteElo "1854"]
[BlackElo "1924"]
[PlyCount "59"]
[EventDate "2014.01.03"]
[EventRounds "9"]
[EventCountry "RUS"]

1. d4 d5 2. c4 e6 3. Nc3 f5 4. Nf3 Be7 5. e3 Nf6 6. Bd3 O-O 7. Ne5 c6 8. c5
Nbd7 9. f4 Ne4 10. Nf3 Bh4+ 11. g3 Be7 12. Bd2 Ndf6 13. Ne5 Bd7 14. b4 Be8 15.
a4 Bh5 16. Be2 Bxe2 17. Qxe2 Nxc3 18. Bxc3 Ne4 19. Qd3 Bf6 20. Nf3 Qe8 21. Nd2
Qd7 22. O-O Kh8 23. Rfb1 g5 24. Rf1 Qg7 25. Nf3 gxf4 26. exf4 Nxg3 27. hxg3
Qxg3+ 28. Kh1 Qh3+ 29. Kg1 Qg3+ 30. Kh1 1/2-1/2

[Event "Volga_2013"]
[Site "Ulyanovsk"]
[Date "2014.01.06"]
[Round "7"]
[White "Kolosov, Anatoly"]
[Black "Peruhin, Anatoliy"]
[Result "1-0"]
[WhiteElo "1918"]
[BlackElo "1609"]
[PlyCount "95"]
[EventDate "2014.01.03"]
[EventRounds "9"]
[EventCountry "RUS"]

1. e4 d6 2. d4 Nf6 3. Nc3 g6 4. Nf3 Bg7 5. Be2 O-O 6. O-O c6 7. Bd2 Re8 8. h3
Nbd7 9. Re1 b5 10. a3 a6 11. Nh2 e5 12. dxe5 dxe5 13. Be3 Qc7 14. Qd2 Bb7 15.
Rad1 Rad8 16. Qc1 Nf8 17. Ng4 Nxg4 18. Bxg4 f5 19. exf5 gxf5 20. Bxf5 Ng6 21.
Rxd8 Rxd8 22. Bg5 Re8 23. Qd2 Ne7 24. Qd7 Qxd7 25. Bxd7 Rd8 26. Rd1 Kf8 27. Rd3
c5 28. Bxb5 Rxd3 29. Bxd3 e4 30. Bxe7+ Kxe7 31. Bxe4 Bxc3 32. Bxb7 Bxb2 33.
Bxa6 Bxa3 34. Bd3 h6 35. f4 Kd6 36. c4 Ke6 37. Kf2 Bb2 38. Kf3 Bd4 39. g4 Kf6
40. h4 Bc3 41. g5+ hxg5 42. hxg5+ Kg7 43. f5 Bd2 44. f6+ Kf7 45. Kg4 Bc3 46.
Kf5 Bd4 47. g6+ Kf8 48. Be4 1-0

[Event "Volga_2013"]
[Site "Ulyanovsk"]
[Date "2014.01.06"]
[Round "7"]
[White "Logunova, Elizaveta"]
[Black "Schankin, Sergei"]
[Result "1-0"]
[WhiteElo "1642"]
[BlackElo "1682"]
[PlyCount "83"]
[EventDate "2014.01.03"]
[EventRounds "9"]
[EventCountry "RUS"]

1. g3 g6 2. Bg2 Bg7 3. d4 d5 4. Nc3 Nf6 5. Bg5 c6 6. Nf3 Nbd7 7. Bf4 Nh5 8. Be3
O-O 9. Qd2 Re8 10. Bh6 Bh8 11. O-O-O Qa5 12. h4 b5 13. a3 Nb6 14. Ne5 Bxe5 15.
dxe5 Nc4 16. Qd4 Ng7 17. Bxg7 Kxg7 18. h5 Be6 19. Qh4 Rh8 20. Qxe7 Qd8 21. h6+
Kg8 22. Qf6 Qxf6 23. exf6 Rd8 24. Rh4 Ne5 25. f3 Nd7 26. e4 Nxf6 27. exd5 Nxd5
28. Rhd4 Kf8 29. f4 Ke7 30. Nxd5+ Bxd5 31. Bxd5 Rxd5 32. Rxd5 cxd5 33. Rxd5 Rb8
34. Kd2 f6 35. Kd3 Ke6 36. Rc5 Kd6 37. b4 a5 38. Kc3 f5 39. Kd4 axb4 40. axb4
Rb7 41. Rc8 Ke6 42. Kc5 1-0

[Event "Volga_2013"]
[Site "Ulyanovsk"]
[Date "2014.01.06"]
[Round "7"]
[White "Shukurov, Eldar"]
[Black "Breskanu, Nikita"]
[Result "1-0"]
[WhiteElo "1797"]
[BlackElo "1585"]
[PlyCount "53"]
[EventDate "2014.01.03"]
[EventRounds "9"]
[EventCountry "RUS"]

1. d4 d5 2. e3 Nf6 3. Bd3 e6 4. f4 b6 5. Nf3 Ba6 6. O-O Bxd3 7. Qxd3 Ne4 8. c4
c6 9. cxd5 cxd5 10. Nbd2 f5 11. Ne5 Nd7 12. Nxe4 dxe4 13. Qb5 a6 14. Qc6 Rc8
15. Qxe6+ Qe7 16. Qxf5 g6 17. Qxe4 Nxe5 18. fxe5 Bh6 19. Bd2 Qd7 20. Qh4 Rc2
21. Qxh6 Rxd2 22. Qf4 Qd5 23. Rf3 Rxb2 24. Rc1 Qxa2 25. Rc8+ Ke7 26. Qg5+ Ke6
27. Qf6+ 1-0

[Event "Volga_2013"]
[Site "Ulyanovsk"]
[Date "2014.01.06"]
[Round "7"]
[White "Sinicin, Vladimir"]
[Black "Privezentsev, Alexey S"]
[Result "1-0"]
[WhiteElo "1675"]
[BlackElo "1546"]
[PlyCount "63"]
[EventDate "2014.01.03"]
[EventRounds "9"]
[EventCountry "RUS"]

1. e4 e6 2. d4 d5 3. e5 c5 4. Nf3 Bd7 5. b3 b5 6. dxc5 Bxc5 7. Nd4 Qb6 8. Be3
a6 9. Be2 Nc6 10. Nxc6 Bxe3 11. fxe3 Bxc6 12. Qd4 Qxd4 13. exd4 Nh6 14. Nd2 O-O
15. O-O Rac8 16. b4 Bb7 17. Bd3 Ng4 18. Rf3 f5 19. h3 Nh6 20. Nb3 Bc6 21. Nc5
Rfe8 22. Nxa6 Re7 23. Nc5 Be8 24. Rff1 Rb8 25. Rfb1 Nf7 26. a4 bxa4 27. b5 Rb6
28. Rxa4 Nd8 29. Ra8 Nb7 30. Rb8 Kf7 31. Na4 Bxb5 32. Nxb6 1-0

[Event "Volga_2013"]
[Site "Ulyanovsk"]
[Date "2014.01.06"]
[Round "7"]
[White "Kharlampiev, Aleksander"]
[Black "Pegov, Valery"]
[Result "1-0"]
[WhiteElo "1748"]
[BlackElo "1674"]
[PlyCount "30"]
[EventDate "2014.01.03"]
[EventRounds "9"]
[EventCountry "RUS"]

1. e4 e5 2. Nf3 Nc6 3. Bc4 Nf6 4. Nc3 Bc5 5. a3 O-O 6. d3 d6 7. Bg5 Nd4 8. Nd5
h6 9. Nxf6+ Kh8 10. Nxd4 gxf6 11. Bxh6 Rg8 12. Qh5 Rg7 13. Bxg7+ Kxg7 14. Qxf7+
Kh6 15. Nf5+ Bxf5 1-0

[Event "Volga_2013"]
[Site "Ulyanovsk"]
[Date "2014.01.06"]
[Round "8"]
[White "Parshakov, Vladimir"]
[Black "Ulanov, Alexandr"]
[Result "0-1"]
[WhiteElo "1918"]
[BlackElo "2415"]
[PlyCount "76"]
[EventDate "2014.01.03"]
[EventRounds "9"]
[EventCountry "RUS"]

1. e4 Nf6 2. e5 Nd5 3. d4 d6 4. exd6 cxd6 5. Nf3 g6 6. Be2 Bg7 7. O-O O-O 8. c3
Nc6 9. Re1 e5 10. dxe5 dxe5 11. Nbd2 Nf4 12. Nf1 Qxd1 13. Bxd1 Nd3 14. Re2 Bg4
15. h3 Nxc1 16. Rxc1 Bf5 17. Bc2 Bxc2 18. Rcxc2 Rad8 19. Rcd2 Bh6 20. Rxd8 Rxd8
21. Ne3 e4 22. Nd2 f5 23. g3 Ne5 24. Kg2 b5 25. Nb3 Nf3 26. Nf1 Rd1 27. Nd4
Nxd4 28. cxd4 Rxd4 29. Rc2 Rc4 30. Rxc4 bxc4 31. f4 Bg7 32. Ne3 Bxb2 33. Nxc4
Bd4 34. g4 Kf7 35. Kg3 Ke6 36. h4 Kd5 37. Nd2 Bc3 38. Nb3 Be1+ 0-1

[Event "Volga_2013"]
[Site "Ulyanovsk"]
[Date "2014.01.06"]
[Round "8"]
[White "Yakimkin, Igor"]
[Black "Mirzaev, Aziz"]
[Result "1-0"]
[WhiteElo "2242"]
[BlackElo "2271"]
[PlyCount "85"]
[EventDate "2014.01.03"]
[EventRounds "9"]
[EventCountry "RUS"]

1. e4 e5 2. Nf3 Nc6 3. d4 exd4 4. Nxd4 Qh4 5. Nb5 Qxe4+ 6. Be2 Kd8 7. O-O a6 8.
N5c3 Qd4 9. Bd3 Nf6 10. Be3 Qe5 11. Nd2 d5 12. Nf3 Qh5 13. Be2 Bd6 14. Qd2 Bg4
15. Bf4 Bxf4 16. Qxf4 Qf5 17. Qg3 Bxf3 18. Bxf3 Nd4 19. Bxd5 Nxd5 20. Rad1 Nxc3
21. bxc3 Kc8 22. Rxd4 b5 23. Rf4 Qxc2 24. Rxf7 Ra7 25. Qxg7 Rd8 26. Rf8 Rxf8
27. Qxf8+ Kb7 28. Qf3+ Kb6 29. Qe3+ Kb7 30. f4 Qxa2 31. Qe4+ Kb6 32. f5 Qf7 33.
f6 c5 34. Qe5 Rc7 35. Qd6+ Kb7 36. Re1 Qa2 37. Re7 Qb1+ 38. Kf2 Qf5+ 39. Ke1
Rxe7+ 40. Qxe7+ Kb6 41. f7 Qb1+ 42. Kf2 Qc2+ 43. Qe2 1-0

[Event "Volga_2013"]
[Site "Ulyanovsk"]
[Date "2014.01.06"]
[Round "8"]
[White "Samborskiy, Vadim"]
[Black "Golubchikov, Alexey"]
[Result "1-0"]
[WhiteElo "2049"]
[BlackElo "1783"]
[PlyCount "49"]
[EventDate "2014.01.03"]
[EventRounds "9"]
[EventCountry "RUS"]

1. e4 c6 2. d4 d5 3. e5 Bf5 4. h4 Bd7 5. f4 h5 6. Nf3 e6 7. c3 f5 8. exf6 Nxf6
9. Bd3 Qb6 10. Ne5 Bd6 11. Bg6+ Ke7 12. Nf7 Rf8 13. Nxd6 Kxd6 14. Qe2 Na6 15.
b4 Be8 16. Bd3 Nc7 17. a4 a5 18. bxa5 Rxa5 19. Ba3+ c5 20. dxc5+ Rxc5 21. Nd2
Kd7 22. Qe3 d4 23. Qxd4+ Nfd5 24. Bxc5 e5 25. fxe5 1-0

[Event "Volga_2013"]
[Site "Ulyanovsk"]
[Date "2014.01.06"]
[Round "8"]
[White "Chesalkin, Vladimir"]
[Black "Dobrocmyslov, Artem"]
[Result "1/2-1/2"]
[WhiteElo "2057"]
[BlackElo "1929"]
[PlyCount "84"]
[EventDate "2014.01.03"]
[EventRounds "9"]
[EventCountry "RUS"]

1. d4 Nf6 2. c4 e6 3. Nc3 Bb4 4. Nf3 c5 5. g3 cxd4 6. Nxd4 Ne4 7. Qd3 Qa5 8.
Nb3 Nxc3 9. Nxa5 Ne4+ 10. Bd2 Bxd2+ 11. Qxd2 Nxd2 12. Kxd2 Nc6 13. Nxc6 dxc6
14. Bg2 e5 15. Kc3 Be6 16. Rhd1 Rd8 17. Rxd8+ Kxd8 18. Rd1+ Kc7 19. b4 Rd8 20.
Rxd8 Kxd8 21. f4 exf4 22. gxf4 h6 23. a3 g5 24. fxg5 hxg5 25. c5 Kc7 26. e3 f6
27. Kd4 Kc8 28. Be4 Kc7 29. Bg6 Kd7 30. Ke4 Ke7 31. Kf3 Bd5+ 32. e4 Bf7 33. Bf5
Be6 34. Kg4 Kf7 35. a4 Bb3 36. a5 Bc4 37. Kf3 Be6 38. Kg4 Bc4 39. h4 gxh4 40.
Kxh4 Be6 41. Kh5 Bxf5 42. exf5 Kg7 1/2-1/2

[Event "Volga_2013"]
[Site "Ulyanovsk"]
[Date "2014.01.06"]
[Round "8"]
[White "Beldyugin, Alexey"]
[Black "Logunova, Elizaveta"]
[Result "1-0"]
[WhiteElo "2111"]
[BlackElo "1642"]
[PlyCount "85"]
[EventDate "2014.01.03"]
[EventRounds "9"]
[EventCountry "RUS"]

1. Nc3 g6 2. d4 Bg7 3. e4 d6 4. f4 e5 5. dxe5 dxe5 6. Qxd8+ Kxd8 7. Bc4 f5 8.
Be3 fxe4 9. O-O-O+ Nd7 10. Nxe4 b6 11. Ng5 Nh6 12. Ne6+ Ke7 13. Nxg7 Ng4 14.
Re1 Kf6 15. Ne6 c5 16. Nc7 Rb8 17. Nd5+ Kg7 18. Nf3 e4 19. Nd2 Ngf6 20. Nxf6
Nxf6 21. h3 h5 22. a4 a5 23. Nb1 Bb7 24. Nc3 Rbd8 25. Rd1 Bc6 26. Rxd8 Rxd8 27.
Rd1 Rxd1+ 28. Kxd1 Kf8 29. Be2 Ke7 30. Bf2 Ke6 31. Bh4 e3 32. Bxf6 Kxf6 33. Bf3
Bxf3+ 34. gxf3 Kf5 35. Nd5 g5 36. fxg5 Kxg5 37. Ke2 Kh4 38. Nf4 Kg5 39. Kxe3
Kh4 40. Ke4 Kg5 41. Ke5 Kh4 42. Nxh5 Kxh5 43. f4 1-0

[Event "Volga_2013"]
[Site "Ulyanovsk"]
[Date "2014.01.06"]
[Round "8"]
[White "Belokhlebov, Alexey"]
[Black "Kolosov, Anatoly"]
[Result "1-0"]
[WhiteElo "1893"]
[BlackElo "1918"]
[PlyCount "119"]
[EventDate "2014.01.03"]
[EventRounds "9"]
[EventCountry "RUS"]

1. d4 d5 2. Nf3 Nf6 3. Bf4 e6 4. e3 Bb4+ 5. c3 Be7 6. h3 O-O 7. Bd3 Nbd7 8.
Nbd2 Re8 9. O-O Nf8 10. Re1 Ng6 11. Bh2 Bd6 12. Bxd6 cxd6 13. e4 Nf4 14. Bf1
dxe4 15. Nxe4 d5 16. Nxf6+ Qxf6 17. g3 Ng6 18. Ne5 Nxe5 19. dxe5 Qd8 20. Bd3
Bd7 21. Qh5 g6 22. Qg4 f5 23. exf6 Qxf6 24. Qd4 Kg7 25. f4 Qxd4+ 26. cxd4 Rac8
27. Rac1 Rc6 28. Rxc6 bxc6 29. Kf2 Rb8 30. b3 a5 31. g4 a4 32. bxa4 Rb4 33. Rb1
Rxd4 34. Ke3 c5 35. Bb5 Bc8 36. a5 Re4+ 37. Kf3 Rb4 38. Rxb4 cxb4 39. Ke3 Kf6
40. g5+ Ke7 41. Kd4 Kd6 42. h4 Bb7 43. Bd3 Bc6 44. a6 Be8 45. a7 Bc6 46. Be2
Kc7 47. Kc5 Ba8 48. h5 gxh5 49. Bxh5 Kb7 50. Bf7 Kxa7 51. Bxe6 d4 52. Kxd4 Bc6
53. Bg8 Be8 54. Bxh7 Bf7 55. Bb1 Kb6 56. g6 Bg8 57. f5 Kc6 58. f6 b3 59. f7
bxa2 60. Bxa2 1-0

[Event "Volga_2013"]
[Site "Ulyanovsk"]
[Date "2014.01.06"]
[Round "8"]
[White "Nikonova, Irina"]
[Black "Sinicin, Vladimir"]
[Result "1-0"]
[WhiteElo "1924"]
[BlackElo "1675"]
[PlyCount "73"]
[EventDate "2014.01.03"]
[EventRounds "9"]
[EventCountry "RUS"]

1. d4 d5 2. e3 e6 3. Bd3 c5 4. c3 Nc6 5. f4 Nf6 6. Qf3 Be7 7. Nd2 cxd4 8. exd4
Bd7 9. b3 O-O 10. Nh3 Ne8 11. O-O f5 12. Bb2 Nd6 13. Qe2 Ne4 14. Bxe4 dxe4 15.
Nc4 Qe8 16. Ne3 Nd8 17. a4 a5 18. c4 Bf6 19. Rad1 Nc6 20. d5 Nb4 21. Ba3 Rf7
22. Bxb4 axb4 23. dxe6 Bxe6 24. Rd6 Rd8 25. Rfd1 Rfd7 26. Rxd7 Rxd7 27. Nd5 Qd8
28. Nxf6+ gxf6 29. Rxd7 Qxd7 30. Kf2 Qd4+ 31. Ke1 Qc3+ 32. Qd2 Qxb3 33. Qd8+
Kg7 34. Ng5 Qe3+ 35. Kd1 Qd3+ 36. Qxd3 exd3 37. Nxe6+ 1-0

[Event "Volga_2013"]
[Site "Ulyanovsk"]
[Date "2014.01.06"]
[Round "8"]
[White "Agapchev, Andrey"]
[Black "Shukurov, Eldar"]
[Result "1/2-1/2"]
[WhiteElo "1678"]
[BlackElo "1797"]
[PlyCount "44"]
[EventDate "2014.01.03"]
[EventRounds "9"]
[EventCountry "RUS"]

1. d4 d5 2. Nf3 Nf6 3. Bf4 e6 4. Nbd2 c5 5. e3 Nc6 6. c3 cxd4 7. exd4 Bd6 8.
Ne5 Qc7 9. Ndf3 Nd7 10. Qe2 O-O 11. g3 Nf6 12. Bg2 h6 13. a3 Na5 14. h3 Ne4 15.
O-O Nb3 16. Rad1 Na5 17. h4 Re8 18. Nh2 Nf6 19. g4 Nd7 20. g5 f6 21. gxf6 Nxf6
22. Rd3 Nc4 1/2-1/2

[Event "Volga_2013"]
[Site "Ulyanovsk"]
[Date "2014.01.06"]
[Round "8"]
[White "Peruhin, Anatoliy"]
[Black "Terentiev, Alexander"]
[Result "1-0"]
[WhiteElo "1609"]
[BlackElo "1854"]
[PlyCount "53"]
[EventDate "2014.01.03"]
[EventRounds "9"]
[EventCountry "RUS"]

1. b4 e5 2. Bb2 d6 3. c4 Nd7 4. a4 f5 5. e3 Ngf6 6. Nf3 Be7 7. Be2 O-O 8. Qb3
Kh8 9. Nc3 Ne4 10. Nd5 Ndf6 11. Nxe7 Qxe7 12. d3 Ng4 13. dxe4 fxe4 14. Nd2 Nxf2
15. Rf1 Qh4 16. g3 Qxh2 17. Nxe4 Bh3 18. Rxf2 Rxf2 19. Nxf2 Qxg3 20. Kd2 Qxf2
21. Qd3 Bg2 22. c5 h5 23. cxd6 cxd6 24. Qxd6 Bf3 25. Rd1 h4 26. Bxe5 h3 27.
Qh6+ 1-0

[Event "Volga_2013"]
[Site "Ulyanovsk"]
[Date "2014.01.06"]
[Round "8"]
[White "Chugunov, Vyacheslav"]
[Black "Frolova, Marina"]
[Result "1-0"]
[WhiteElo "1952"]
[BlackElo "1601"]
[PlyCount "75"]
[EventDate "2014.01.03"]
[EventRounds "9"]
[EventCountry "RUS"]

1. e4 c5 2. Nf3 Nc6 3. d4 cxd4 4. Nxd4 g6 5. Nc3 Bg7 6. Be3 Nf6 7. f3 O-O 8.
Bc4 e6 9. g4 a6 10. Qd2 Ne5 11. Bb3 d5 12. g5 Ne8 13. exd5 exd5 14. Nxd5 Nd6
15. O-O-O Ndc4 16. Qe2 Qxd5 17. Nf5 Qxf3 18. Ne7+ Kh8 19. Qxf3 Nxf3 20. Bxc4
Ne5 21. Bb3 Ng4 22. Bb6 h6 23. h4 h5 24. Nxc8 Raxc8 25. Rd7 Rc6 26. Rxb7 Ne5
27. Kb1 Kg8 28. Bd4 Nf3 29. Bxg7 Kxg7 30. Bd5 Nd2+ 31. Kc1 Rd6 32. c4 Nxc4 33.
Bxc4 Rc6 34. b3 Rc5 35. Rf1 Kg8 36. Kb2 Rf5 37. Rxf5 gxf5 38. g6 1-0

[Event "Volga_2013"]
[Site "Ulyanovsk"]
[Date "2014.01.06"]
[Round "8"]
[White "Schankin, Sergei"]
[Black "Abdurahmanov, Afer"]
[Result "1-0"]
[WhiteElo "1682"]
[BlackElo "1682"]
[PlyCount "39"]
[EventDate "2014.01.03"]
[EventRounds "9"]
[EventCountry "RUS"]

1. e4 e6 2. d4 d5 3. Nd2 Ne7 4. Ngf3 Ng6 5. Be2 a6 6. O-O Be7 7. Re1 Nh4 8.
exd5 Qxd5 9. Bd3 Nc6 10. Nxh4 Bxh4 11. Nf3 Be7 12. Bf4 Qd8 13. c3 h6 14. Qe2
Bd6 15. Be5 O-O 16. Rad1 Nxe5 17. dxe5 Qe7 18. exd6 cxd6 19. Bc2 b5 20. Qe4 1-0

[Event "Volga_2013"]
[Site "Ulyanovsk"]
[Date "2014.01.07"]
[Round "9"]
[White "Ulanov, Alexandr"]
[Black "Beldyugin, Alexey"]
[Result "1-0"]
[WhiteElo "2415"]
[BlackElo "2111"]
[PlyCount "63"]
[EventDate "2014.01.03"]
[EventRounds "9"]
[EventCountry "RUS"]

1. d4 Nf6 2. Nf3 e6 3. c4 b6 4. g3 Bb7 5. Bg2 Bb4+ 6. Bd2 Qe7 7. O-O Bxd2 8.
Qxd2 c5 9. Nc3 O-O 10. d5 exd5 11. Nh4 h6 12. cxd5 d6 13. Nf5 Qe5 14. e4 Ne8
15. f4 Qf6 16. g4 Kh7 17. h4 g6 18. g5 hxg5 19. hxg5 Qh8 20. Rf3 gxf5 21. Rh3+
Kg7 22. Rxh8 Rxh8 23. exf5 Na6 24. f6+ Kg8 25. Re1 Nac7 26. Re7 Rc8 27. Qe3 Kf8
28. Rxf7+ Kxf7 29. Qe7+ Kg6 30. f7 Ng7 31. Qf6+ Kh5 32. g6 1-0

[Event "Volga_2013"]
[Site "Ulyanovsk"]
[Date "2014.01.07"]
[Round "9"]
[White "Samborskiy, Vadim"]
[Black "Yakimkin, Igor"]
[Result "1-0"]
[WhiteElo "2049"]
[BlackElo "2242"]
[PlyCount "55"]
[EventDate "2014.01.03"]
[EventRounds "9"]
[EventCountry "RUS"]

1. e4 c5 2. c3 d5 3. exd5 Qxd5 4. d4 Nc6 5. Nf3 e6 6. Be2 Nf6 7. O-O Be7 8. Na3
O-O 9. Nb5 Qd7 10. dxc5 Bxc5 11. Qxd7 Bxd7 12. Rd1 a6 13. Nd6 b5 14. Bg5 Nd5
15. c4 bxc4 16. Nxc4 f6 17. Bd2 g5 18. h3 Rf7 19. Rac1 Ba7 20. a3 Rg7 21. Ne3
Nf4 22. Bc4 h5 23. Nf5 Rh7 24. Bxf4 gxf4 25. Rxd7 Re8 26. Rxh7 Kxh7 27. Nd6 Rd8
28. Bd3+ 1-0

[Event "Volga_2013"]
[Site "Ulyanovsk"]
[Date "2014.01.07"]
[Round "9"]
[White "Mirzaev, Aziz"]
[Black "Parshakov, Vladimir"]
[Result "1-0"]
[WhiteElo "2271"]
[BlackElo "1918"]
[PlyCount "75"]
[EventDate "2014.01.03"]
[EventRounds "9"]
[EventCountry "RUS"]

1. d4 Nf6 2. c4 e6 3. g3 d5 4. Bg2 Be7 5. Nf3 O-O 6. O-O Nbd7 7. Nc3 c6 8. Qd3
Re8 9. Bf4 Nf8 10. Rad1 Ng6 11. Bc1 Qc7 12. h4 Bb4 13. a3 Bxc3 14. Qxc3 Ne4 15.
Qc2 f5 16. h5 Nf8 17. Bf4 Qf7 18. Ne5 Qxh5 19. f3 Nf6 20. Kf2 Re7 21. Rh1 Qe8
22. Rh2 h6 23. Rdh1 N6h7 24. Bd2 b6 25. Bb4 c5 26. dxc5 a5 27. Bd2 bxc5 28. g4
fxg4 29. Nxg4 Bb7 30. Bf4 e5 31. Bxh6 gxh6 32. Rxh6 e4 33. Rxh7 Nxh7 34. Rxh7
Qf8 35. Rh5 Qg7 36. cxd5 Qd4+ 37. Kg3 Bxd5 38. Rxd5 1-0

[Event "Volga_2013"]
[Site "Ulyanovsk"]
[Date "2014.01.07"]
[Round "9"]
[White "Makarenko, Vladimir"]
[Black "Chesalkin, Vladimir"]
[Result "1/2-1/2"]
[WhiteElo "1905"]
[BlackElo "2057"]
[PlyCount "79"]
[EventDate "2014.01.03"]
[EventRounds "9"]
[EventCountry "RUS"]

1. e4 c5 2. f4 Nc6 3. Nf3 e6 4. Bb5 Nge7 5. c4 a6 6. Ba4 d5 7. d3 Rb8 8. Bxc6+
Nxc6 9. O-O Be7 10. Nc3 d4 11. Ne2 b5 12. b3 bxc4 13. bxc4 O-O 14. g4 f5 15.
gxf5 exf5 16. Ng3 Bh4 17. Nxh4 Qxh4 18. Qe2 Qf6 19. Ba3 Nb4 20. Rae1 Kh8 21.
Qd2 Qc6 22. exf5 Bxf5 23. Bxb4 cxb4 24. Re5 Qg6 25. Rfe1 h5 26. Qg2 Kh7 27.
Nxf5 Rxf5 28. Rxf5 Qxf5 29. Qe4 Qxe4 30. Rxe4 a5 31. Rxd4 a4 32. Re4 b3 33.
axb3 axb3 34. Re1 b2 35. Rb1 Kg6 36. Kf2 Kf5 37. c5 Ke6 38. Ke3 Kd5 39. Kd2
Kxc5 40. Kc3 1/2-1/2

[Event "Volga_2013"]
[Site "Ulyanovsk"]
[Date "2014.01.07"]
[Round "9"]
[White "Dobrocmyslov, Artem"]
[Black "Belokhlebov, Alexey"]
[Result "0-1"]
[WhiteElo "1929"]
[BlackElo "1893"]
[PlyCount "94"]
[EventDate "2014.01.03"]
[EventRounds "9"]
[EventCountry "RUS"]

1. d4 d5 2. Nc3 e6 3. e4 dxe4 4. Nxe4 Nf6 5. Nxf6+ Qxf6 6. Nf3 h6 7. Bd3 Nc6 8.
O-O Bd6 9. c3 Bd7 10. Re1 O-O-O 11. b4 Ne7 12. b5 g5 13. Nd2 Ng6 14. Ne4 Qe7
15. c4 f5 16. Nxd6+ Qxd6 17. Bb2 Nf4 18. Re5 Nxd3 19. Qxd3 Be8 20. Rae1 Bf7 21.
Qb3 Qd7 22. c5 c6 23. bxc6 Qxc6 24. d5 exd5 25. Rxf5 Rhe8 26. Rfe5 Rxe5 27.
Bxe5 Re8 28. Qh3+ Qe6 29. Qa3 a6 30. c6 d4 31. cxb7+ Kxb7 32. Rb1+ Ka8 33. Qb4
Qc6 34. Qxd4 Rc8 35. Qb2 Bd5 36. f3 Bc4 37. Rc1 Qb5 38. Qd2 Qxe5 39. Qb4 Qc5+
40. Qxc5 Rxc5 41. Kf2 Kb7 42. Ke3 Kc6 43. Kd4 Rd5+ 44. Ke4 Kc5 45. g3 Rd2 46.
Rh1 Rxa2 47. f4 Bd5+ 0-1

[Event "Volga_2013"]
[Site "Ulyanovsk"]
[Date "2014.01.07"]
[Round "9"]
[White "Golubchikov, Alexey"]
[Black "Nikonova, Irina"]
[Result "0-1"]
[WhiteElo "1783"]
[BlackElo "1924"]
[PlyCount "86"]
[EventDate "2014.01.03"]
[EventRounds "9"]
[EventCountry "RUS"]

1. e4 c5 2. c3 Nf6 3. e5 Nd5 4. d4 cxd4 5. cxd4 Nc6 6. f4 d6 7. Nf3 e6 8. Nc3
dxe5 9. fxe5 Bb4 10. Bd2 Nxd4 11. Nxd4 Qh4+ 12. g3 Qxd4 13. Bb5+ Kf8 14. Nxd5
exd5 15. Be2 Qxb2 16. Bxb4+ Qxb4+ 17. Qd2 Qxd2+ 18. Kxd2 Bd7 19. Rhc1 Bc6 20.
Rab1 Ke7 21. Kd3 Rhe8 22. Kd4 Kf8 23. Bb5 Rac8 24. Bxc6 bxc6 25. Rb7 Re7 26.
Rcb1 Rcc7 27. Rb8+ Re8 28. R8b7 Rec8 29. a4 Ke7 30. a5 Ke6 31. Rxc7 Rxc7 32.
Kc5 d4 33. Kxd4 c5+ 34. Kc4 Kxe5 35. Rd1 f5 36. a6 g5 37. Rd8 f4 38. Rd5+ Ke4
39. Rxg5 f3 40. Rg8 f2 41. Rf8 Ke3 42. Kd5 c4 43. Kd6 Rg7 0-1

[Event "Volga_2013"]
[Site "Ulyanovsk"]
[Date "2014.01.07"]
[Round "9"]
[White "Logunova, Elizaveta"]
[Black "Agapchev, Andrey"]
[Result "1-0"]
[WhiteElo "1642"]
[BlackElo "1678"]
[PlyCount "93"]
[EventDate "2014.01.03"]
[EventRounds "9"]
[EventCountry "RUS"]

1. d4 f5 2. Nf3 Nf6 3. c4 g6 4. Nc3 Bg7 5. Bg5 d6 6. h3 c6 7. Qc2 O-O 8. e3 Qc7
9. Bf4 Nh5 10. Bh2 Qd8 11. Bd3 Na6 12. a3 c5 13. d5 Bd7 14. O-O f4 15. e4 h6
16. e5 g5 17. Rfe1 Qc8 18. e6 Be8 19. Bg6 Bxg6 20. Qxg6 Qe8 21. Qd3 Nf6 22.
Rab1 g4 23. Nh4 g3 24. fxg3 fxg3 25. Bxg3 Nh5 26. Ng6 Bd4+ 27. Kh1 Rf6 28. Nh4
Kh8 29. Ne4 Nxg3+ 30. Qxg3 Qh5 31. Nxf6 Bxf6 32. Ng6+ Kh7 33. Nf4 Qf5 34. Qd3
Qxd3 35. Nxd3 Rg8 36. Rf1 Rg3 37. Nf4 Rg5 38. g4 Nc7 39. Nh5 Ne8 40. Rf3 Re5
41. Rbf1 Re2 42. Nxf6+ Nxf6 43. Rxf6 exf6 44. Rxf6 Rxb2 45. e7 Rb1+ 46. Kg2
Rb2+ 47. Rf2 1-0

[Event "Volga_2013"]
[Site "Ulyanovsk"]
[Date "2014.01.07"]
[Round "9"]
[White "Terentiev, Alexander"]
[Black "Sinicin, Vladimir"]
[Result "0-1"]
[WhiteElo "1854"]
[BlackElo "1675"]
[PlyCount "38"]
[EventDate "2014.01.03"]
[EventRounds "9"]
[EventCountry "RUS"]

1. d4 d5 2. c4 e6 3. Nc3 Bb4 4. Nf3 c5 5. e3 Nf6 6. a3 Bxc3+ 7. bxc3 Ne4 8. Qc2
O-O 9. Nd2 f5 10. cxd5 exd5 11. Nxe4 fxe4 12. dxc5 Nc6 13. c4 d4 14. Qxe4 Qf6
15. Qf4 Qg6 16. Qg3 Qc2 17. exd4 Nxd4 18. Bd3 Re8+ 19. Kf1 Qd1# 0-1

[Event "Volga_2013"]
[Site "Ulyanovsk"]
[Date "2014.01.07"]
[Round "9"]
[White "Privezentsev, Alexey S"]
[Black "Schankin, Sergei"]
[Result "1/2-1/2"]
[WhiteElo "1546"]
[BlackElo "1682"]
[PlyCount "46"]
[EventDate "2014.01.03"]
[EventRounds "9"]
[EventCountry "RUS"]

1. d4 Nf6 2. e3 e6 3. Bd3 d5 4. f4 c5 5. c3 cxd4 6. exd4 Bd6 7. Nf3 O-O 8. O-O
Nbd7 9. Qe1 Re8 10. Ne5 Nf8 11. Rf3 Ng6 12. Rh3 Nd7 13. Qg3 Qf6 14. Bxg6 fxg6
15. Nd2 Nf8 16. Ndf3 Bd7 17. Be3 Bc6 18. Rf1 Rac8 19. Nxc6 bxc6 20. Ne5 a5 21.
a4 c5 22. Rb1 Qf5 23. Rf1 Qf6 1/2-1/2

[Event "Volga_2013"]
[Site "Ulyanovsk"]
[Date "2014.01.07"]
[Round "9"]
[White "Pegov, Valery"]
[Black "Breskanu, Nikita"]
[Result "1/2-1/2"]
[WhiteElo "1674"]
[BlackElo "1585"]
[PlyCount "132"]
[EventDate "2014.01.03"]
[EventRounds "9"]
[EventCountry "RUS"]

1. e4 c6 2. d4 d5 3. f3 dxe4 4. fxe4 e5 5. Nf3 exd4 6. Qxd4 Qxd4 7. Nxd4 g6 8.
Bc4 Bg7 9. c3 Nd7 10. O-O Ne5 11. Bb3 Ne7 12. Bg5 h6 13. Bxe7 Kxe7 14. Nd2 c5
15. a3 Rf8 16. N4f3 Nxf3+ 17. Rxf3 Be6 18. Bd5 f5 19. Re1 Bxd5 20. exd5+ Kd6
21. Re6+ Kd7 22. Rxg6 Rf7 23. Re6 Re8 24. Rxe8 Kxe8 25. b3 Re7 26. Kf1 Re5 27.
Rd3 b5 28. c4 bxc4 29. bxc4 Bf6 30. g3 Bg5 31. Kf2 Kd7 32. h4 Bxd2 33. Rxd2 Re4
34. Rc2 Rd4 35. Ke3 Kd6 36. a4 Ke5 37. a5 a6 38. Kf3 h5 39. Re2+ Kd6 40. Re6+
Kd7 41. Rxa6 Rxc4 42. Rf6 Ra4 43. Rxf5 Rxa5 44. Rxh5 c4 45. Ke4 Ra3 46. Kd4 c3
47. Kd3 c2+ 48. Kxc2 Rxg3 49. Rh6 Rh3 50. h5 Kc7 51. Kd2 Kd7 52. Rh8 Ke7 53.
Rh6 Kd7 54. Rh8 Ke7 55. h6 Kf7 56. h7 Kg7 57. Re8 Kxh7 58. Re3 Rh5 59. Rd3 Kg7
60. Kc3 Kf7 61. Kc4 Ke7 62. Kc5 Kd7 63. Rg3 Rh6 64. Rg7+ Kd8 65. Rb7 Rg6 66. d6
Rg1 1/2-1/2